Country Quiz- Argentina - Statistics

General Stats
  • This quiz has been taken 27 times
  • The average score is 8 of 15
Answer Stats
Questions Answers % Correct
How many land borders does Argentina share? 5
100%
In 2001, how many Presidents did Argentina have in 10 days? 5 presidents
100%
What is the capital city? Buenos Aires
100%
How many times has the Argentina national football team won the World Cup? Two times
96%
What is the official currency? Peso
91%
Argentina is the largest speaking country in the world for what language? Spanish
83%
Derived from Latin, what is the translation of Argentina? Silver
78%
What Argentinian meat product is famous around the world? Argentine beef
65%
How many regions is Argentina divided into? 7
26%
Argentina was the first South American country to authorise same-sex marriage in what year? 2010
22%
What is the national sport? Pato
13%
What year was Argentina the 10th wealthiest nation per capita? 1913
9%
What type of music began in the capital city? Latin Music
9%
Argentina has the highest consumption of what type of meat in the world? Red meat
4%
What is the name of the world's earliest plants, which were found in Argentina? Liverworts
0%
No matching quizzes found
Score Distribution
Percent of People with Each Score
Percentile by Number Answered
Your Score History
You have not taken this quiz